Los escarabajos vuelan al atardecer (Registro nro. 29399)

Detalles MARC
000 -CABECERA
Longitud fija campo de control 00593nam a2200205 a 4500
003 - • IDENTIFICADOR DELl NÚMERO DE CONTROL
Identificador del número de control CO-ViMGA
008 - • CÓDIGOS DE INFORMACIÓN DE LONGITUD FIJA
Códigos de información de longitud fija 141112s2004 ck r 000 u spa d
020 ## - • NÚMERO INTERNACIONAL NORMALIZADO PARA LIBROS
Número Internacional Normalizado para Libros (ISBN) 8434811634
040 ## - FUENTE DE LA CATALOGACIÓN
Centro catalogador de origen CO-ViMGA
Lengua de catalogación spa
Centro transcriptor CO-ViMGA
082 04 - • NÚMERO DE LA CLASIFICACIÓN DECIMAL DEWEY
Número de clasificación (R) 837.736 G746e
100 1# - • PUNTO DE ACCESO PRINCIPAL-NOMBRE DE PERSONA
Nombre de persona Gripe, Maria
245 10 - • TITULO PROPIAMENTE DICHO
Título Los escarabajos vuelan al atardecer
300 ## - • DESCRIPCIÓN FÍSICA
Extensión 227p
500 ## - • NOTA GENERAL
Nota general En : 3
590 ## - NOTAS LOCALES
Nota local Forma de adquisición : Donación - - Precio : 12000 - - Fecha de adquisición : Marzo 2006
650 14 - • PUNTO DE ACCESO ADICIONAL DE MATERIA - TÉRMINO DE MATERIA
Término de materia o nombre geográfico como elemento inicial NOVELA JUVENIL SUECA
942 ## - ENTRADA DE ELEMENTOS AGREGADOS (KOHA)
Fuente de clasificaión o esquema Dewey Decimal Classification
Koha [por defecto] tipo de item LIbro
Existencias
Perdido Fuente de clasificación o esquema Estado Físico No para préstamo Forma de adquisición Localización permanente Localización actual Fecha adquisición Serie de enumeración / cronolog&íacute;a Préstamos totales Signatura completa Código de barras Fecha última consulta Número de copia Fecha del precio de reemplazo Tipo de item de Koha Número de registro Localización en estanterías
  Dewey Decimal Classification     Sala General Segundo Piso Biblioteca Pública Germán Arciniegas - Villavicencio Biblioteca Pública Germán Arciniegas - Villavicencio 12/04/2015 Volumen. 1 | 11/jun/2009   837.736 G746e 20398 03/05/2018 Ej. 1 12/04/2015 LIbro    
  Dewey Decimal Classification     Colección General Biblioteca Pública Mapiripan Biblioteca Pública Mapiripan 05/12/2025     N BRI2 EJ1 MAP00004282 05/12/2025 Ej.1 05/12/2025 LIbro   Literatura
  Dewey Decimal Classification       Biblioteca Pública Vistahermosa Biblioteca Pública Vistahermosa 06/04/2024     N VIST 0001211 06/04/2024 Ej.1 06/04/2024 LIbro N GRI2 Ej.1  









Instituto Departamental de Cultura del Meta - Red Departamental de Bibliotecas Públicas del Meta.